000 00790nam a2200205Ii 4500
003 JO-AjNU
008 230605s9999||||xx |||||||||||||| ||und||
040 _aJO-AjNU
_bara
_erda
_cJO-AjNU
041 _aara
050 1 4 _aLB3013.L3712 2005
100 3 _aلاريفي،باربارا مؤلف/أيوب،محمد مترجم/جمل،محمد جهاد مراجع,
_eauthor
_922344
245 0 0 _aطرق الإدارة الصفية: الأهداف-الخطط-الوسائل
250 _aط1
264 3 1 _aالعين:دار الكتاب الجامعي،2005
300 _a219ص
336 _atext
_btxt
_2rdacontent
337 _aunmediated
_bn
_2rdamedia
338 _avolume
_bnc
_2rdacarrier
650 4 _aالفصول الدراسية-إدارة. الإدارة التعليمية
_922345
999 _aA7914
_c11482
_d11482